000 00286nam a22001337a 4500
008 170421b xxu||||| |||| 00| 0 eng d
020 _a9780131789999
041 _aeng
080 _a573
100 _a11
101 _aSHM
245 _aBIOLOGY OF HUMAN
_cJUDITH.G
942 _2udc
_cBK
999 _c11550
_d11550